[Event "TUR-chT 2nd League"]
[Site "Konya"]
[Date "2022.08.23"]
[Round "3.3"]
[White "Acar, Ilayda"]
[Black "Koc, Aylin"]
[Result "1/2-1/2"]
[WhiteElo "1579"]
[BlackElo "1543"]
[PlyCount "86"]
[EventDate "2022.08.22"]
[EventType "team-swiss"]
[EventRounds "9"]
[EventCountry "TUR"]
[SourceTitle "CBM 210 Extra"]
[Source "ChessBase"]
[SourceDate "2022.11.30"]
[SourceVersion "1"]
[SourceVersionDate "2022.11.30"]
[SourceQuality "1"]
[WhiteTeam "Karaman Masterler"]
[BlackTeam "Pamukkale Yonetimi"]
[WhiteTeamCountry "TUR"]
[BlackTeamCountry "TUR"]

1. e4 e5 2. Nf3 Nc6 3. Bc4 Bc5 4. c3 Nf6 5. d4 exd4 6. e5 d5 7. Be2 Ne4 8. cxd4 Bb4+ 9. Nbd2 0-0 10. 0-0 h6 11. a3 Ba5 12. h3 Bf5 13. Nb3 Bb6 14. Be3 Qe7 15. Rc1 f6 16. exf6 Qxf6 17. Nfd2 Ng5 18. Bxg5 Qxg5 19. Nf3 Qf6 20. Rc3 Be4 21. Qd2 a5 22. Nc5 Bxf3 23. Bxf3 Nxd4 24. Bxd5+ Kh8 25. Rd1 Bxc5 26. Rxc5 Nc6 27. Bxc6 bxc6 28. Qc2 Ra6 29. f3 Rb8 30. Qc3 Rxb2 31. Qxf6 gxf6 32. Rd8+ Kg7 33. Rd7+ Kg6 34. Rxc7 Ra2 35. R7xc6 Rxc6 36. Rxc6 Rxa3 37. Ra6 Ra2 38. Kh2 a4 39. Ra5 a3 40. Kg3 Ra1 41. Kf2 a2 42. Kg3 Kf7 43. Kh4 Kg6 1/2-1/2

[Event "TUR-chT 2nd League"]
[Site "Konya"]
[Date "2022.08.23"]
[Round "2.5"]
[White "Koc, Aylin"]
[Black "Tepeli, Sugra"]
[Result "1-0"]
[WhiteElo "1543"]
[BlackElo "1444"]
[PlyCount "143"]
[EventDate "2022.08.22"]
[EventType "team-swiss"]
[EventRounds "9"]
[EventCountry "TUR"]
[SourceTitle "CBM 210 Extra"]
[Source "ChessBase"]
[SourceDate "2022.11.30"]
[SourceVersion "1"]
[SourceVersionDate "2022.11.30"]
[SourceQuality "1"]
[WhiteTeam "Pamukkale Yonetimi"]
[BlackTeam "Cesme Belediye"]
[WhiteTeamCountry "TUR"]
[BlackTeamCountry "TUR"]

1. e4 c5 2. Nf3 e6 3. d4 cxd4 4. Nxd4 Nf6 5. Nc3 Nc6 6. Nb3 Bb4 7. Bd3 d5 8. exd5 Nxd5 9. Bd2 Nxc3 10. bxc3 Be7 11. Qh5 g6 12. Qh6 Bf6 13. h4 Ne5 14. Bb5+ Bd7 15. Bxd7+ Qxd7 16. Rd1 0-0-0 17. Qf4 Bg7 18. 0-0 Qc7 19. Qa4 Nc6 20. c4 Qe7 21. Na5 Nd4 22. Bg5 f6 23. Rxd4 Rxd4 24. Be3 Rd7 25. Rb1 Rhd8 26. c3 Rc7 27. Bxa7 Qd7 28. Qb4 Qd6 29. c5 Qa6 30. Bb6 Rdd7 31. Bxc7 Rxc7 32. c6 b6 33. Qxb6 Qxb6 34. Rxb6 f5 35. c4 Bc3 36. Nb7 Bd4 37. Nd6+ Kd8 38. Rb8+ Ke7 39. Nb5 Rxc6 40. Nxd4 Rxc4 41. Nb3 Rxh4 42. Ra8 Kd6 43. Kf1 Rb4 44. Ra6+ Kd5 45. Ke2 h5 46. Kd3 Rg4 47. g3 e5 48. a4 g5 49. a5 f4 50. gxf4 Rxf4 51. Ke2 h4 52. Rh6 Rb4 53. Nd2 Ra4 54. a6 Ra3 55. Nf3 Ra2+ 56. Kf1 h3 57. Nxg5 Ra1+ 58. Ke2 h2 59. Rxh2 Rxa6 60. Nf3 Ra2+ 61. Nd2 Kd4 62. Rh4+ Kc3 63. Rc4+ Kb2 64. Ke3 Ra5 65. Ke4 Rb5 66. Nf3 Kb3 67. Nd2+ Kb2 68. f3 Ra5 69. Kf5 Rd5 70. Ne4 Kb3 71. Rc5 Rd3 72. Rc3+ 1-0

[Event "TUR Cup"]
[Site "Antalya"]
[Date "2020.01.29"]
[Round "5"]
[White "Koc, Aylin"]
[Black "Eremkere, Mehmet Halil"]
[Result "1/2-1/2"]
[WhiteElo "1500"]
[BlackElo "1670"]
[PlyCount "185"]
[EventDate "2020.01.26"]
[EventType "swiss"]
[EventRounds "11"]
[EventCountry "TUR"]
[SourceTitle "CBM 194 Extra"]
[Source "ChessBase"]
[SourceDate "2020.03.31"]
[SourceVersion "1"]
[SourceVersionDate "2020.03.31"]
[SourceQuality "1"]

1. e4 e5 2. Nf3 Nc6 3. Nc3 Nf6 4. d4 exd4 5. Nxd4 d6 6. h3 Be7 7. Bc4 0-0 8. 0-0 a5 9. f4 Nxd4 10. Qxd4 c6 11. Bd3 Nd7 12. Qf2 Qb6 13. Be3 Qc7 14. Qg3 Re8 15. Kh1 a4 16. Bd4 f6 17. e5 d5 18. Qh4 f5 19. Qh5 g6 20. Qf3 Bc5 21. Nxd5 cxd5 22. Qxd5+ Kg7 23. Bc3 Be7 24. Bb5 Nb6 25. Qf3 Rf8 26. e6+ Bf6 27. Bb4 Bxe6 28. Bxf8+ Rxf8 29. Rfe1 Bd5 30. Qa3 Qxf4 31. Rad1 Qf2 32. Bf1 Qxc2 33. Qd6 Qc6 34. Qb4 Rf7 35. Rc1 Be7 36. Qxe7 Qd7 37. Qe5+ Kg8 38. b3 axb3 39. axb3 f4 40. Qe8+ Qxe8 41. Rxe8+ Kg7 42. Bc4 Nxc4 43. bxc4 Bc6 44. Re5 f3 45. gxf3 Rxf3 46. Kh2 Rf2+ 47. Kg3 Rf3+ 48. Kh2 Rf2+ 49. Kg3 Rf3+ 50. Kh2 Rf2+ 51. Kg3 Rg2+ 52. Kf4 Kf6 53. Ree1 g5+ 54. Ke3 Rg3+ 55. Kd2 Rxh3 56. Re3 Rh2+ 57. Kd3 g4 58. Rf1+ Kg5 59. Re5+ Kh4 60. Re6 Kg3 61. Rg1+ Bg2 62. Re7 Kf2 63. Ra1 Rh3+ 64. Kd2 Rh6 65. Rf7+ Bf3 66. Rb1 Kg2 67. Rb2 Rh1 68. Ke3+ Kg3 69. c5 Re1+ 70. Kd4 Rd1+ 71. Ke5 Rd5+ 72. Ke6 Rxc5 73. Rxh7 Rc8 74. Ke5 Re8+ 75. Kd4 Rd8+ 76. Ke5 Rd5+ 77. Ke6 Rc5 78. Kd6 Rf5 79. Ke6 Rf8 80. Ke5 Bc6 81. Rb3+ Rf3 82. Rb4 Rf2 83. Rg7 Bf3 84. Kf5 Be2+ 85. Kg5 b5 86. Re7 Bc4 87. Re4 Be2 88. Rxg4+ Bxg4 89. Rxg4+ Kf3 90. Rb4 Rg2+ 91. Kh5 Rh2+ 92. Kg5 Rg2+ 93. Kh5 1/2-1/2

[Event "TUR Cup										"]
[Site "Antalya"]
[Date "2018.01.28"]
[Round "3"]
[White "Koc, Aylin"]
[Black "Karakus, Ali"]
[Result "1-0"]
[WhiteElo "1428"]
[BlackElo "1156"]
[PlyCount "67"]
[EventDate "2018.01.27"]
[EventType "swiss"]
[EventRounds "11"]
[EventCountry "TUR"]
[SourceTitle "CBM 182 Extra"]
[Source "ChessBase"]
[SourceDate "2018.02.23"]
[SourceVersion "1"]
[SourceVersionDate "2018.02.23"]
[SourceQuality "1"]

1. e4 e5 2. Nf3 Nc6 3. Nc3 Nf6 4. d4 exd4 5. Nxd4 Bb4 6. Nxc6 bxc6 7. Bd3 d5 8. exd5 cxd5 9. 0-0 0-0 10. Bg5 c6 11. Qf3 Be7 12. Rfe1 Re8 13. h3 Nd7 14. Bf4 Bf6 15. Rab1 Nc5 16. Ne2 Nxd3 17. Qxd3 a5 18. Nd4 Ba6 19. Qd2 Rxe1+ 20. Rxe1 Qb6 21. c3 g6 22. Nf3 Rd8 23. Bg5 c5 24. Qf4 Bxg5 25. Nxg5 f6 26. Re6 Qxb2 27. Rxf6 Qb1+ 28. Kh2 Bc4 29. Ne6 Qb8 30. Nxd8 Qxd8 31. Qe5 Bxa2 32. Rd6 Qc8 33. Re6 Kf7 34. Re7+ 1-0

[Event "TUR-chT 2nd League"]
[Site "Konya"]
[Date "2017.07.20"]
[Round "6.2"]
[White "Koc, Aylin"]
[Black "Demir, Aleyna"]
[Result "0-1"]
[WhiteElo "1550"]
[BlackElo "1439"]
[PlyCount "92"]
[EventDate "2017.07.17"]
[EventType "team-swiss"]
[EventRounds "9"]
[EventCountry "TUR"]
[SourceTitle "CBM 179 Extra"]
[Source "ChessBase"]
[SourceDate "2017.08.23"]
[SourceVersion "1"]
[SourceVersionDate "2017.08.23"]
[SourceQuality "1"]
[WhiteTeam "Istanbul Moda"]
[BlackTeam "Konya Erkin"]
[WhiteTeamCountry "TUR"]
[BlackTeamCountry "TUR"]

1. e4 d5 2. exd5 Qxd5 3. Nc3 Qa5 4. d4 c6 5. Nf3 Bg4 6. Bc4 e6 7. 0-0 Nf6 8. Re1 Qc7 9. Qd3 Bxf3 10. Qxf3 Nbd7 11. Bf4 Bd6 12. Bxd6 Qxd6 13. Rad1 Nb6 14. Bb3 0-0-0 15. a4 Qb4 16. Na2 Qa5 17. Nc3 Qb4 18. a5 Nbd5 19. a6 Rd7 20. axb7+ Qxb7 21. Na4 Rdd8 22. Nc5 Qb6 23. Bc4 Nc7 24. Ra1 Rxd4 25. Na4 Qb7 26. b3 Ncd5 27. Qg3 Rg4 28. Qf3 Rf4 29. Qd3 Nb4 30. Qd6 Rf5 31. c3 Na6 32. Bxa6 Qxa6 33. Nc5 Qb6 34. Ra6 Rd8 35. Rxb6 Rxd6 36. Nb7 Rd2 37. Rb4 Rfxf2 38. Nd6+ Kc7 39. Nxf7 Rxg2+ 40. Kh1 Rxh2+ 41. Kg1 Rdg2+ 42. Kf1 Nd5 43. Rc4 Rg3 44. Rce4 Nxc3 45. Rxe6 Nd5 46. Ne5 Ne3+ 0-1

[Event "TUR-ch (Women)"]
[Site "Cesme"]
[Date "2016.03.09"]
[Round "4"]
[White "Koc, Aylin"]
[Black "Alpaslan, Fatma Gunes"]
[Result "1-0"]
[WhiteElo "1487"]
[BlackElo "1429"]
[PlyCount "81"]
[EventDate "2016.03.07"]
[EventType "swiss"]
[EventRounds "9"]
[EventCountry "TUR"]
[SourceTitle "CBM 171 Extra"]
[Source "ChessBase"]
[SourceDate "2016.04.26"]
[SourceVersion "1"]
[SourceVersionDate "2016.04.26"]
[SourceQuality "1"]

1. e4 d6 2. d4 g6 3. Nc3 Bg7 4. Be3 Nf6 5. f3 0-0 6. Qd2 Nbd7 7. g4 c5 8. Nge2 a6 9. 0-0-0 c4 10. Ng3 b5 11. a3 Rb8 12. h4 a5 13. h5 b4 14. Nb1 Qc7 15. c3 bxa3 16. Nxa3 Ba6 17. hxg6 fxg6 18. Bh6 Rf7 19. Bxg7 Rxg7 20. Qh2 Nb6 21. g5 Nfd7 22. Ne2 Na4 23. Rd2 Qb7 24. Nf4 Qb3 25. Nb1 Nf8 26. Bh3 Qa2 27. Be6+ Nxe6 28. Nxe6 Rf7 29. f4 Bc8 30. d5 Bxe6 31. dxe6 Rg7 32. f5 gxf5 33. exf5 Rf8 34. Rf2 Nxb2 35. Rxb2 Qa4 36. Rf2 Qb5 37. g6 Rxf5 38. Rb2 Qe8 39. gxh7+ Kh8 40. Qh3 Qg6 41. Rb8+ 1-0

[Event "TUR-ch (Women)"]
[Site "Cesme"]
[Date "2016.03.08"]
[Round "2"]
[White "Koc, Aylin"]
[Black "Yildiz, Gunes"]
[Result "1/2-1/2"]
[WhiteElo "1487"]
[BlackElo "1446"]
[PlyCount "65"]
[EventDate "2016.03.07"]
[EventType "swiss"]
[EventRounds "9"]
[EventCountry "TUR"]
[SourceTitle "CBM 171 Extra"]
[Source "ChessBase"]
[SourceDate "2016.04.26"]
[SourceVersion "1"]
[SourceVersionDate "2016.04.26"]
[SourceQuality "1"]

1. e4 e6 2. d4 d5 3. exd5 exd5 4. Bd3 Bd6 5. Nf3 Bg4 6. 0-0 Ne7 7. Re1 Nd7 8. h3 Bh5 9. Qe2 c6 10. c3 Qc7 11. Bg5 f6 12. Bf4 Nf8 13. Bxd6 Qxd6 14. Nbd2 Bg6 15. Rac1 Bxd3 16. Qxd3 Nfg6 17. Nb3 b6 18. c4 0-0 19. c5 Qd7 20. Nfd2 Rfc8 21. Nf1 Nf5 22. Ng3 Ngh4 23. Re2 Nxg3 24. Qxg3 Nf5 25. Qg4 Re8 26. Rce1 Rxe2 27. Rxe2 Rd8 28. Re1 Ne7 29. Qe2 Kf7 30. Qh5+ Kg8 31. Qe2 Kf7 32. Qh5+ Kg8 33. Qe2 1/2-1/2